Central Library OPAC University of Rajshahi

A survey of the economic situation and prospects of Europe / (Record no. 46493)

MARC details
000 -LEADER
fixed length control field 01110nam a2200253 a 4500
001 - CONTROL NUMBER
control field 46493
003 - CONTROL NUMBER IDENTIFIER
rucl marc code BD-RjUL
005 - DATE AND TIME OF LATEST TRANSACTION
control field 20211209054147.0
008 - FIXED-LENGTH DATA ELEMENTS--GENERAL INFORMATION
fixed length control field 160802s1948 sz a f000 0 eng d
035 ## - SYSTEM CONTROL NUMBER
System control number (BD-RjUL)46611
040 ## - CATALOGING SOURCE
Original cataloging agency BD-RjUL
Language of cataloging eng
Transcribing agency BD-RjUL
Modifying agency BD-RjUL
041 ## - LANGUAGE CODE
Language code of text/sound track or separate title eng
082 ## - DEWEY DECIMAL CLASSIFICATION NUMBER
Edition number 23
Classification number 330.94
Author mark and year UNI 1948
110 2# - MAIN ENTRY--CORPORATE NAME
Corporate name or jurisdiction name as entry element United Nations.
Subordinate unit Economic Commission for Europe.
-- Research and Planning Division
9 (RLIN) 138085
245 12 - TITLE STATEMENT
Title A survey of the economic situation and prospects of Europe /
Statement of responsibility, etc. prepared by Research and Planning Division, the Economic Commission for Europe (March 30, 1948), United Nations Economic and Social Council.
260 ## - PUBLICATION, DISTRIBUTION, ETC. (IMPRINT)
Place of publication, distribution, etc. Washington, D.C. :
Name of publisher, distributor, etc. U.S. Govt. Print. Off.,
Date of publication, distribution, etc. 1948
300 ## - PHYSICAL DESCRIPTION
Pagination x, 216 p. :
Illustrations ill. ;
Size 23 cm.
500 ## - GENERAL NOTE
General note At head of title: Committee print.
General note Printed for the use of the Committee on Foreign Affairs.
651 #0 - SUBJECT ADDED ENTRY--GEOGRAPHIC NAME
Geographic name Europe
General subdivision Economic conditions
Chronological subdivision 1945-
9 (RLIN) 132404
710 1# - ADDED ENTRY--CORPORATE NAME
Corporate name or jurisdiction name as entry element United States.
Subordinate unit Congress.
-- House.
-- Committee on Foreign Affairs.
9 (RLIN) 141868
Corporate name or jurisdiction name as entry element United Nations.
Subordinate unit Economic and Social Council.
9 (RLIN) 140859
942 ## - ADDED ENTRY ELEMENTS (KOHA)
Source of classification or shelving scheme Dewey Decimal Classification
Koha item type Books
Holdings
Lost status Source of classification or shelving scheme Damaged status Not for loan Collection code Permanent Location Current Location Shelving location Date acquired Source of acquisition Cost, normal purchase price Total Checkouts Full call number Date last seen Copy number Koha item type
  Dewey Decimal Classification     Non-fiction Central Library, University of Rajshahi Central Library, University of Rajshahi   14/12/1970 Swits & Zillinger 23.60   330.94 UNI 1948 02/08/2016 C-2 Books